| 000 | 00350 a2200157 4500 | ||
|---|---|---|---|
| 001 | 13280 | ||
| 020 | _a9788572087681 | ||
| 040 | _cAnchieta - Aquarius | ||
| 100 | _aGranado, Suzana Facchini | ||
| 240 | 1 | 0 |
_aBerço das aves _lpor |
| 245 | 1 | 0 | _aBerço das aves |
| 300 | _a | ||
| 362 | 0 | _a2012 | |
| 650 | 4 | _aLiteratura infanto-juvenil | |
| 942 | _cBK | ||
| 999 |
_c13280 _d13280 |
||